52 plantes aromatiques et médicinales - Statistiques

Statistiques générales
  • Ce quiz a été pris 428 fois
  • Le résultat moyen est 17 sur 52
Statistiques - réponses
Par images Réponse % Correct
Lavande
92%
Menthe poivrée
92%
Menthe verte
92%
Basilic
76%
Laurier Sauce
75%
Persil commun
74%
Thym officinal
64%
Romarin
63%
Sauge officinale
58%
Sauge pourpre
58%
Coriandre
57%
Aneth
56%
Ciboulette
54%
Camomille
46%
Verveine officinale
43%
Safran
40%
Bourrache
38%
Capucine
38%
Digitale pourpre
37%
Origan
37%
Fenouil bronze
36%
Mélisse officinale/Citronnelle
36%
Souci/Calendula
35%
Cerfeuil
31%
Jasmin officinal
25%
Estragon
24%
Gentiane jaune
23%
Sariette épineuse
22%
Sariette vivace
22%
Helichrysum/Immortelle
20%
Livèche/Céleri perpétuel
19%
Géranium citronnelle
18%
Anis
17%
Chicorée sauvage
15%
Marjolaine
15%
Achilée millefeuille/Capitule
13%
Curcuma
12%
Consoude
11%
Grande Absinthe
10%
Reine des prés
10%
Armoise camphrée
9%
Cumin
8%
Agastache
7%
Véronique officinale
7%
Bergamote sauvage/Monarde fistuleuse
6%
Chrysanthème
6%
Fenugrec
5%
Milleperthuis
5%
Saponaire officinale
5%
Agripaume/Cardiaque
4%
Stevia rebaudiana
3%
Cataire/herbe à chat
2%
Aucun quiz correspondant
Distribution des résultats
% des personnes avec chaque résultat
Percentile par nombre de réponses
Votre historique - résultats
Vous n’avez pas pris ce quiz